header

The design of micro credit contracts and micro enterprise access to finance in Uganda / (Record no. 46950)

MARC details
000 -LEADER
fixed length control field 01682nam a2200373 i 4500
ISBN 9789966031976 (e-book)
100 1# - MAIN ENTRY--AUTHOR NAME
Personal name Tarinyeba, Winifred Mary,
245 14 - TITLE STATEMENT
Title The design of micro credit contracts and micro enterprise access to finance in Uganda /
300 ## - PHYSICAL DESCRIPTION
Number of Pages 1 online resource (192 pages) :
Other physical details illustrations
500 ## - GENERAL NOTE
General note "September 2010."
650 #0 - SUBJECT ADDED ENTRY--TOPICAL TERM
Topical Term Microfinance
856 40 - ELECTRONIC LOCATION AND ACCESS
Uniform Resource Identifier http://site.ebrary.com/lib/rucke/Doc?id=10879023
264 #1 -
-- Kampala, Uganda :
-- LawAfrica,
-- 2010.
336 ## -
-- text
-- rdacontent
337 ## -
-- computer
-- rdamedia
338 ## -
-- online resource
-- rdacarrier
588 ## -
-- Description based on print version record.

No items available.

© 2026 Rongo University
Contact us: librarian | system librarian | Rongo university